|
|
|
|
| LEADER |
00592nam a22001691a 4500 |
| 020 |
|
|
|a 9788184232431
|
| 082 |
|
|
|a M1007
|b SAN/A
|
| 100 |
|
|
|a Sanu M K
|9 106953
|
| 245 |
|
|
|a Asanthiyilninnu santhiyilekku/
|c by Sanu M K
|
| 260 |
|
|
|a Thrissur:
|b Green Books,
|c 2013.
|
| 300 |
|
|
|a 272p.
|
| 650 |
|
|
|a Poetry Malayalam Study
|9 106954
|
| 650 |
|
|
|a Literature Malayalam
|9 106955
|
| 650 |
|
|
|a Literature
|9 106956
|
| 942 |
|
|
|c BK
|
| 999 |
|
|
|c 140878
|d 140878
|
| 952 |
|
|
|0 0
|1 0
|4 0
|6 M_1007_000000000000000_SAN_A
|7 0
|9 97130
|a SSUS
|b SSUS
|c STACKS
|d 2019-02-01
|g 240.00
|l 2
|o M1007 SAN/A
|p 093286
|r 2019-11-07
|s 2019-11-06
|w 2019-02-01
|y BK
|